| 000 | 00488nam a2200133 a 4500 | ||
|---|---|---|---|
| 008 | 120416s1964 ||||||||||||||||| || u | ||
| 050 | _aTH 900 Bar | ||
| 245 | 1 | 0 | _aBuilder's equipment |
| 246 | _aG. Barber | ||
| 260 |
_aLondon _bNewnes-Butterworths _c1964 |
||
| 300 | _a[6], 174p. : ill. | ||
| 350 | _a0.00 | ||
| 995 |
_D0.00 _FCBU-MAIN LIBRARY (Kitwe) _H1 _I4.40 _M1 _UAVAILABLE _VMar 7, 2013 _WJul 7, 2006 _ZAnnex Low-Usage Collection |
||
| 999 |
_c36219 _d36219 |
||